Плацдарм. Изгнание из рая: роман

Detaylı Bibliyografya
Yazar: Кораблев М. Максим
Özet:Проливной дождь. Двое укрываются под навесом: он и она. Правда, романтика тут ни при чем. Дождь идет не на Земле, а они — не парочка влюбленных. Несколько месяцев назад сотни землян покинули Землю, чтобы принять участие в затеянной неведомыми силами экспедиции на планету, названную коротко и по-военному - Плацдармом. С самого начала земляне оказались разобщены и были вынуждены вступить в противоборство друг с другом. Лидеру землян ГеоргиюРешетникову стоило немалых усилий, чтобы остановить братоубийственную войну. Но на этом проблемы землян на Плацдар­ме далеко не закончились. Ее называли Химерой. Она жила среди колонистов, которые считали ее обычной земной девушкой. Кто же Химера на самом деле, было известно лишь Георгию. И лишь он знал, что от разговора с нею зависит судьба колонии...
Dil:Rusça
Baskı/Yayın Bilgisi: Москва, Эксмо, 2011
Seri Bilgileri:Новые супергерои
Konular:
Materyal Türü: MixedMaterials Kitap
KOHA link:https://koha.lib.tpu.ru/cgi-bin/koha/opac-detail.pl?biblionumber=202293

MARC

LEADER 00000nam0a2200000 4500
001 202293
005 20231031185320.0
010 |a 9785699504879 
035 |a (RuTPU)RU\TPU\book\220448 
090 |a 202293 
100 |a 20111010d2011 m y0rusy50 ca 
101 0 |a rus 
102 |a RU 
105 |a y z 000ay 
200 1 |a Плацдарм. Изгнание из рая  |e роман  |f М. Кораблев 
210 |a Москва  |c Эксмо  |a СПб.  |c Пилигрим  |d 2011 
215 |a 416 с. 
225 1 |a Новые супергерои 
330 |a Проливной дождь. Двое укрываются под навесом: он и она. Правда, романтика тут ни при чем. Дождь идет не на Земле, а они — не парочка влюбленных. Несколько месяцев назад сотни землян покинули Землю, чтобы принять участие в затеянной неведомыми силами экспедиции на планету, названную коротко и по-военному - Плацдармом. С самого начала земляне оказались разобщены и были вынуждены вступить в противоборство друг с другом. Лидеру землян ГеоргиюРешетникову стоило немалых усилий, чтобы остановить братоубийственную войну. Но на этом проблемы землян на Плацдар­ме далеко не закончились. Ее называли Химерой. Она жила среди колонистов, которые считали ее обычной земной девушкой. Кто же Химера на самом деле, было известно лишь Георгию. И лишь он знал, что от разговора с нею зависит судьба колонии... 
610 1 |a русская литература 
610 1 |a романы 
610 1 |a фантастика 
610 1 |a боевики 
675 |a Р2  |v 3 
700 1 |a Кораблев  |b М.  |g Максим 
801 1 |a RU  |b 63413507  |c 20111010 
801 2 |a RU  |b 63413507  |c 20111014  |g RCR 
942 |c BK